Are you the ultimate 5SOS fan? - Statistics

General Stats
  • This quiz has been taken 2,107 times
  • The average score is 9 of 15
Answer Stats
Hint Answer % Correct
July 7, 1994 Ashton Irwin
100%
Bassist? Calum Hood
100%
Vocals? Luke Hemmings
100%
Guitarist? Michael
99%
Drummer? Ashton
97%
Michael wants.. another slice!
65%
She said to me, forget what you thought, cause.. Good girls are bad girls that haven't been caught
63%
Fandom name? 5SOSfam
62%
Calum is NOT.. asian
50%
Don't let the colours fade.. to grey!
41%
Cuddle? NO!
37%
Ashton's mating call? Jigglypuff
29%
Niall, you can't be.. in the band!
26%
What? Really? Really?! WOW!
4%
What's the name of their latest EP? (2015) Good Girls EP
3%
No matching quizzes found
Score Distribution
Percent of People with Each Score
Percentile by Number Answered
Your Score History
You have not taken this quiz